Detalles MARC
| 000 -LIDER |
| fixed length control field |
00969nam a22003257a 4500 |
| 001 - NÚMERO DE CONTROL |
| Identificador de número de control |
0005623 |
| 003 - IDENTIFICACDOR DE NÚMERO DE CONTROL |
| control field |
DO-SdBPM |
| 005 - DATE AND TIME OF LATEST TRANSACTION |
| control field |
20250409133510.0 |
| 007 - CAMPOS FIJOS DE DESCRIPCIÓN FÍSICA |
| fixed length control field |
0005623 |
| 008 - ELEMENTOS DE LONGITUD FIJA |
| fixed length control field |
160407b1992 sp a |||| 00| 0 spa d |
| 020 ## - ISBN |
| International Standard Book Number |
8434813726 |
| 040 ## - FUENTE DE CATALOGACIÓN |
| Enlace |
BPMSU |
| Campo enlazado y núm. de secuencia |
spa |
| Agencia que crea de manera original el registro |
BPMSU |
| Agencia que realiza la transcripción |
|
| 082 #4 - NÚMERO DE CLASIFICACIÓN DECIMAL DE DEWEY |
| Classification number |
863.6 |
| Item number |
M425m 1992 |
| Edition number |
22 |
| 100 ## - ASIENTO PRINCIPAL -- NOMBRE PERSONAL |
| Nombre personal |
Mateos, Pilar, |
| Fechas asociadas con el nombre |
1942- |
| 245 10 - MENCIÓN DE TITULO |
| Título |
Molinete / |
| Mención de responsabilidad |
Pilar Mateos ; ilustraciones y cubierta José Luis Cortés. |
| 250 ## - MENCIÓN DE EDICION |
| Mención de edición |
11a. ed. |
| 260 ## - PUBLICACIÓN, DISTRIBUCIÓN, ETC. (PIE DE IMPRENTA) |
| Lugar de publicación, distribución, etc |
Madrid : |
| Nombre del editor, distribuidor, etc. |
SM, |
| Fecha de publicación, distribución, etc |
1992. |
| 300 ## - DESCRIPCIÓN FÍSICA |
| Extensión |
84 p. : |
| Otros detalles físicos |
il. ; |
| Dimensiones |
19 cm. |
| 490 0# - MENCIÓN DE SERIES |
| Mención de serie |
El barco de vapor ; |
| -- |
azul, |
| Volume/sequential designation |
17 |
| 500 ## - NOTA GENERAL |
| Materiales especificados |
A partir de 7 años |
| 521 ## - TARGET AUDIENCE NOTE |
| Target audience note |
A partir de 7 años. |
| 586 ## - AWARDS NOTE |
| Awards note |
Premio Lazarillo, 1982. |
| 590 ## - NOTA LOCAL |
| Texto de la nota local |
Inventariado, 2025/VM |
| 650 #4 - ENCABEZAMIENTO DE MATERIA--TEMÁTICO |
| Término temático o nombre geográfico como elemento de entrada |
Cuentos infantiles españoles |
| 650 #4 - ENCABEZAMIENTO DE MATERIA--TEMÁTICO |
| Término temático o nombre geográfico como elemento de entrada |
Literatura infantil española |
| 651 ## - ENCABEZAMIENTO DE MATERIA--NOMBRE GEOGRÁFICO |
| Fuente del encabezamiento o término |
Lib |
| 700 1# - ASIENTO SECUNDARIO -- NOMBRE PERSONAL |
| Nombre personal |
Cortés, José Luis |
| Mención de responsabilidad |
ilustración |
| 910 ## - VALIDACIÓN |
| Validación |
VMateo V. Control de calidad. BPMSU |
| 942 ## - ADDED ENTRY ELEMENTS (KOHA) |
| Source of classification or shelving scheme |
Dewey Decimal Classification |
| Koha item type |
Libros |